[Event "8th Vellmar Chess Days"]
[Site "chess24.com"]
[Date "2016.07.29"]
[Round "3"]
[White "Meijers, Viesturs"]
[Black "Bub, Volker"]
[Result "1-0"]
[Board "1"]
[WhiteElo "2446"]
[WhiteTitle "GM"]
[WhiteCountry "LAT"]
[WhiteFideId "11600314"]
[WhiteEloChange "1"]
[BlackElo "2063"]
[BlackCountry "GER"]
[BlackFideId "4618963"]
[BlackEloChange "-2"]

1. c4 {[%clk 1:30:57]} e5 {[%clk 1:26:18]} 2. b3 {[%clk 1:29:51]} Nc6 {[%clk
1:24:57]} 3. Bb2 {[%clk 1:30:07]} f5 {[%clk 1:25:20]} 4. g3 {[%clk 1:30:18]} Nf6
{[%clk 1:25:45]} 5. Bg2 {[%clk 1:30:43]} d6 {[%clk 1:25:40]} 6. e3 {[%clk
1:31:00]} g6 {[%clk 1:25:26]} 7. Ne2 {[%clk 1:30:22]} Bg7 {[%clk 1:25:49]} 8. d4
{[%clk 1:30:49]} O-O {[%clk 1:23:35]} 9. Nbc3 {[%clk 1:26:13]} e4 {[%clk
1:19:57]} 10. a3 {[%clk 1:26:12]} Qe8 {[%clk 1:19:17]} 11. h4 {[%clk 1:25:47]} h6
{[%clk 1:17:43]} 12. Nf4 {[%clk 1:25:18]} Nd8 {[%clk 1:11:03]} 13. Nb5 {[%clk
1:22:19]} Qf7 {[%clk 1:10:39]} 14. d5 {[%clk 1:19:15]} a6 {[%clk 1:10:20]} 15.
Nd4 {[%clk 1:16:38]} Ng4 {[%clk 1:10:15]} 16. Bf1 {[%clk 1:11:34]} c5 {[%clk
1:06:40]} 17. dxc6 {[%clk 1:11:32]} bxc6 {[%clk 1:06:55]} 18. Rb1 {[%clk
1:06:04]} Ne5 {[%clk 1:03:11]} 19. Be2 {[%clk 1:05:56]} Rb8 {[%clk 0:57:58]} 20.
Ba1 {[%clk 1:04:38]} a5 {[%clk 0:51:49]} 21. a4 {[%clk 1:03:29]} Ba6 {[%clk
0:50:11]} 22. Bb2 {[%clk 0:59:05]} Re8 {[%clk 0:46:12]} 23. Ba3 {[%clk 0:53:54]}
Bf8 {[%clk 0:45:26]} 24. Rc1 {[%clk 0:52:45]} Nb7 {[%clk 0:42:21]} 25. h5 {[%clk
0:51:37]} g5 {[%clk 0:41:53]} 26. Ng6 {[%clk 0:52:03]} Rbc8 {[%clk 0:38:44]} 27.
Qd2 {[%clk 0:37:25]} Nc5 {[%clk 0:36:36]} 28. Bxc5 {[%clk 0:26:39]} dxc5 {[%clk
0:35:06]} 29. Nxe5 {[%clk 0:27:04]} Rxe5 {[%clk 0:35:25]} 30. Qxa5 {[%clk
0:27:05]} cxd4 {[%clk 0:27:40]} 31. Qxe5 {[%clk 0:27:00]} Bb4+ {[%clk 0:28:05]}
32. Kf1 {[%clk 0:27:11]} dxe3 {[%clk 0:27:13]} 33. fxe3 {[%clk 0:26:45]} Bd2
{[%clk 0:26:15]} 34. Rd1 {[%clk 0:27:10]} Bxe3 {[%clk 0:23:07]} 35. Rd6 {[%clk
0:26:28]} Re8 {[%clk 0:23:09]} 36. Qf6 {[%clk 0:21:58]} g4 {[%clk 0:19:03]} 37.
Qxf7+ {[%clk 0:21:03]} Kxf7 {[%clk 0:19:28]} 38. Rxc6 {[%clk 0:20:47]} 1-0

[Event "8th Vellmar Chess Days"]
[Site "chess24.com"]
[Date "2016.07.29"]
[Round "3"]
[White "Meyner, Hannes"]
[Black "Wiege, Andre"]
[Result "0-1"]
[Board "2"]
[WhiteElo "2204"]
[WhiteCountry "GER"]
[WhiteFideId "4664205"]
[WhiteEloChange "-13"]
[BlackElo "2085"]
[BlackCountry "GER"]
[BlackFideId "4699416"]
[BlackEloChange "13"]

1. d4 {[%clk 1:30:58]} Nf6 {[%clk 1:30:42]} 2. c4 {[%clk 1:31:24]} e6 {[%clk
1:30:55]} 3. Nc3 {[%clk 1:30:15]} Bb4 {[%clk 1:30:36]} 4. f3 {[%clk 1:30:27]} d5
{[%clk 1:30:05]} 5. a3 {[%clk 1:30:49]} Be7 {[%clk 1:26:12]} 6. e4 {[%clk
1:30:19]} dxc4 {[%clk 1:25:17]} 7. Bxc4 {[%clk 1:30:19]} O-O {[%clk 1:22:39]} 8.
Be3 {[%clk 1:27:13]} Nbd7 {[%clk 1:19:06]} 9. e5 {[%clk 1:18:43]} Ne8 {[%clk
1:19:15]} 10. f4 {[%clk 1:11:33]} Nb6 {[%clk 1:12:03]} 11. Ba2 {[%clk 1:10:32]}
c6 {[%clk 1:08:01]} 12. Nf3 {[%clk 0:48:59]} Nc7 {[%clk 1:00:17]} 13. Bf2 {[%clk
0:46:25]} Nbd5 {[%clk 0:58:14]} 14. Ne2 {[%clk 0:46:05]} b6 {[%clk 0:51:51]} 15.
Rc1 {[%clk 0:44:50]} Ba6 {[%clk 0:48:59]} 16. Bb1 {[%clk 0:38:48]} Bxe2 {[%clk
0:39:44]} 17. Qxe2 {[%clk 0:39:07]} Nxf4 {[%clk 0:39:32]} 18. Qe4 {[%clk
0:39:03]} Ng6 {[%clk 0:40:00]} 19. h4 {[%clk 0:34:33]} Qd5 {[%clk 0:36:53]} 20.
Qc2 {[%clk 0:29:06]} Rfc8 {[%clk 0:34:57]} 21. h5 {[%clk 0:26:03]} Nf8 {[%clk
0:35:23]} 22. O-O {[%clk 0:20:50]} Qd8 {[%clk 0:29:44]} 23. Qxc6 {[%clk 0:15:06]}
Nd5 {[%clk 0:29:51]} 24. Qb7 {[%clk 0:11:47]} Qd7 {[%clk 0:17:34]} 25. Qa6 {[%clk
0:10:38]} h6 {[%clk 0:15:07]} 26. g3 {[%clk 0:07:29]} Rc7 {[%clk 0:11:47]} 27.
Rxc7 {[%clk 0:06:40]} Qxc7 {[%clk 0:12:01]} 28. Qe2 {[%clk 0:06:37]} Rc8 {[%clk
0:11:09]} 29. Be1 {[%clk 0:06:04]} Qc4 {[%clk 0:06:26]} 30. Bd3 {[%clk 0:05:33]}
Qb3 {[%clk 0:06:18]} 31. Bf2 {[%clk 0:04:07]} Rc7 {[%clk 0:05:54]} 32. Rd1 {[%clk
0:04:04]} Nd7 {[%clk 0:05:29]} 33. Kg2 {[%clk 0:03:30]} Nf8 {[%clk 0:04:59]} 34.
Kh2 {[%clk 0:03:42]} Bd8 {[%clk 0:03:50]} 35. Rg1 {[%clk 0:03:15]} Be7 {[%clk
0:03:36]} 36. Qd2 {[%clk 0:02:18]} Bd8 {[%clk 0:03:21]} 37. Re1 {[%clk 0:01:55]}
Nh7 {[%clk 0:02:28]} 38. Qe2 {[%clk 0:01:24]} Nf8 {[%clk 0:02:19]} 39. Rf1 {[%clk
0:01:04]} Be7 {[%clk 0:02:08]} 40. Rg1 {[%clk 0:01:28]} Bd8 {[%clk 0:02:31]} 41.
Rb1 {[%clk 0:21:24]} Be7 {[%clk 0:26:28]} 42. Be1 {[%clk 0:20:31]} Qa4 {[%clk
0:23:19]} 43. Bd2 {[%clk 0:16:00]} Qb3 {[%clk 0:16:56]} 44. Qe4 {[%clk 0:11:30]}
Bd8 {[%clk 0:12:43]} 45. g4 {[%clk 0:14:03]} Rd7 {[%clk 0:12:23]} 46. g5 {[%clk
0:12:19]} hxg5 {[%clk 0:11:34]} 47. Nxg5 {[%clk 0:11:08]} f5 {[%clk 0:11:04]} 48.
Qe2 {[%clk 0:09:41]} Rc7 {[%clk 0:10:34]} 49. Nh3 {[%clk 0:09:13]} Qa4 {[%clk
0:10:31]} 50. Qf2 {[%clk 0:06:22]} Qb3 {[%clk 0:08:43]} 51. Qf3 {[%clk 0:05:21]}
Rc2 {[%clk 0:08:15]} 52. Qe2 {[%clk 0:05:30]} Rxb2 {[%clk 0:07:02]} 53. Rg1
{[%clk 0:05:25]} Qa2 {[%clk 0:05:33]} 54. Rg2 {[%clk 0:05:32]} Qxa3 {[%clk
0:02:55]} 55. Qf3 {[%clk 0:02:12]} Rb3 {[%clk 0:01:57]} 56. Qg3 {[%clk 0:02:02]}
g5 {[%clk 0:01:03]} 57. Nxg5 {[%clk 0:01:09]} Rxd3 {[%clk 0:02:01]} 58. Nf3+
{[%clk 0:01:35]} Kf7 {[%clk 0:02:01]} 59. Qg8+ {[%clk 0:01:01]} Ke8 {[%clk
0:02:29]} 60. Rg7 {[%clk 0:01:08]} Be7 {[%clk 0:02:33]} 61. Bg5 {[%clk 0:00:52]}
Rxf3 {[%clk 0:02:08]} 62. Qf7+ {[%clk 0:00:37]} Kd7 {[%clk 0:02:13]} 63. Bxe7
{[%clk 0:01:01]} Rh3+ {[%clk 0:02:06]} 64. Kg1 {[%clk 0:00:58]} Qc1+ {[%clk
0:01:58]} 65. Kf2 {[%clk 0:01:13]} Rh2+ {[%clk 0:01:57]} 66. Kg3 {[%clk 0:01:21]}
Qf4# {[%clk 0:02:20]} 0-1

[Event "8th Vellmar Chess Days"]
[Site "chess24.com"]
[Date "2016.07.29"]
[Round "3"]
[White "Barath M"]
[Black "Ding, Linlin"]
[Result "1-0"]
[Board "3"]
[WhiteElo "2082"]
[WhiteCountry "IND"]
[WhiteFideId "25033450"]
[WhiteEloChange "13"]
[BlackElo "2199"]
[BlackCountry "CHN"]
[BlackFideId "8601267"]
[BlackEloChange "-13"]

1. d4 {[%clk 1:30:55]} d6 {[%clk 1:28:13]} 2. e4 {[%clk 1:30:56]} Nf6 {[%clk
1:28:20]} 3. Nc3 {[%clk 1:31:21]} c6 {[%clk 1:27:38]} 4. Be3 {[%clk 1:29:20]} Ng4
{[%clk 1:25:12]} 5. Bg5 {[%clk 1:17:21]} h6 {[%clk 1:18:40]} 6. Bh4 {[%clk
1:16:57]} Qb6 {[%clk 1:18:44]} 7. Rb1 {[%clk 1:16:00]} g5 {[%clk 1:10:52]} 8. Bg3
{[%clk 1:16:23]} Bg7 {[%clk 1:11:19]} 9. h3 {[%clk 1:11:41]} Nf6 {[%clk 1:10:48]}
10. e5 {[%clk 0:57:35]} dxe5 {[%clk 1:04:54]} 11. dxe5 {[%clk 0:57:57]} Nh7
{[%clk 1:04:25]} 12. Bc4 {[%clk 0:51:30]} Nf8 {[%clk 0:56:41]} 13. Nf3 {[%clk
0:36:54]} Be6 {[%clk 0:56:12]} 14. Qe2 {[%clk 0:36:22]} Nbd7 {[%clk 0:55:07]} 15.
O-O {[%clk 0:35:29]} Qb4 {[%clk 0:42:41]} 16. Bxe6 {[%clk 0:27:29]} Nxe6 {[%clk
0:43:08]} 17. a3 {[%clk 0:27:31]} Qb6 {[%clk 0:40:33]} 18. Qc4 {[%clk 0:24:20]}
O-O {[%clk 0:36:08]} 19. h4 {[%clk 0:22:42]} Qc5 {[%clk 0:35:54]} 20. Qg4 {[%clk
0:18:23]} gxh4 {[%clk 0:28:30]} 21. Ne4 {[%clk 0:15:40]} Qa5 {[%clk 0:26:14]} 22.
b4 {[%clk 0:09:36]} Qc7 {[%clk 0:25:40]} 23. Nxh4 {[%clk 0:06:22]} Nxe5 {[%clk
0:25:51]} 24. Qh5 {[%clk 0:06:29]} f6 {[%clk 0:19:35]} 25. Nf5 {[%clk 0:03:15]}
Kh7 {[%clk 0:19:41]} 26. Rbe1 {[%clk 0:01:11]} Qd7 {[%clk 0:07:49]} 27. Bxe5
{[%clk 0:00:42]} fxe5 {[%clk 0:08:17]} 28. Nxg7 {[%clk 0:01:11]} Nxg7 {[%clk
0:08:37]} 29. Ng5+ {[%clk 0:01:35]} Kg8 {[%clk 0:08:33]} 30. Qxh6 {[%clk
0:02:00]} Qf5 {[%clk 0:08:28]} 31. Rxe5 {[%clk 0:02:16]} Rf6 {[%clk 0:08:57]} 32.
Rxf5 {[%clk 0:00:47]} Rxh6 {[%clk 0:09:24]} 33. Re5 {[%clk 0:01:11]} Rg6 {[%clk
0:06:37]} 34. f4 {[%clk 0:01:16]} Re8 {[%clk 0:06:03]} 35. Rfe1 {[%clk 0:00:44]}
Nh5 {[%clk 0:06:31]} 36. R1e4 {[%clk 0:00:36]} Rd8 {[%clk 0:06:06]} 37. Rxe7
{[%clk 0:00:33]} Nxf4 {[%clk 0:06:01]} 38. Rxf4 {[%clk 0:00:51]} Rxg5 {[%clk
0:06:30]} 39. Rxb7 {[%clk 0:01:04]} Rd1+ {[%clk 0:06:17]} 40. Rf1 {[%clk
0:01:29]} Rd2 {[%clk 0:06:46]} 41. Rf2 {[%clk 0:01:52]} Rd1+ {[%clk 0:06:27]} 42.
Kh2 {[%clk 0:02:17]} a5 {[%clk 0:06:43]} 43. bxa5 {[%clk 0:25:43]} Rh5+ {[%clk
0:37:34]} 44. Kg3 {[%clk 0:26:04]} Rxa5 {[%clk 0:38:02]} 45. Rb3 {[%clk 0:25:06]}
Rd7 {[%clk 0:35:08]} 46. Kh2 {[%clk 0:23:26]} 1-0

[Event "8th Vellmar Chess Days"]
[Site "chess24.com"]
[Date "2016.07.29"]
[Round "3"]
[White "Jensen, Jacob Bjerre"]
[Black "Kiesel, Harald"]
[Result "1/2-1/2"]
[Board "4"]
[WhiteElo "2172"]
[WhiteCountry "DEN"]
[WhiteFideId "1401513"]
[WhiteEloChange "-3"]
[BlackElo "2074"]
[BlackCountry "GER"]
[BlackFideId "4616014"]
[BlackEloChange "3"]

1. d4 {[%clk 1:30:58]} e6 {[%clk 1:30:53]} 2. Nf3 {[%clk 1:30:43]} Nf6 {[%clk
1:31:11]} 3. Bf4 {[%clk 1:29:54]} d5 {[%clk 1:31:22]} 4. e3 {[%clk 1:30:13]} c5
{[%clk 1:31:27]} 5. c3 {[%clk 1:30:36]} Nc6 {[%clk 1:31:44]} 6. Nbd2 {[%clk
1:30:29]} Bd6 {[%clk 1:32:00]} 7. Ne5 {[%clk 1:20:31]} Qc7 {[%clk 1:24:54]} 8.
Ndf3 {[%clk 1:18:21]} Ne4 {[%clk 1:22:50]} 9. Bb5 {[%clk 1:08:36]} O-O {[%clk
1:20:29]} 10. Qa4 {[%clk 1:05:39]} Rb8 {[%clk 1:10:03]} 11. Bd3 {[%clk 0:35:10]}
f5 {[%clk 0:51:40]} 1/2-1/2

[Event "8th Vellmar Chess Days"]
[Site "chess24.com"]
[Date "2016.07.29"]
[Round "3"]
[White "Heimsoth, Sven-Holger"]
[Black "Guelsen, Taylan"]
[Result "1-0"]
[Board "5"]
[WhiteElo "2157"]
[WhiteCountry "GER"]
[WhiteFideId "4651243"]
[WhiteEloChange "7"]
[BlackElo "2063"]
[BlackCountry "GER"]
[BlackFideId "24603635"]
[BlackEloChange "-7"]

1. Nf3 {[%clk 1:31:00]} g6 {[%clk 1:27:21]} 2. e4 {[%clk 1:31:06]} Bg7 {[%clk
1:27:41]} 3. d4 {[%clk 1:31:25]} d6 {[%clk 1:26:57]} 4. h3 {[%clk 1:31:39]} Nd7
{[%clk 1:27:08]} 5. Bd3 {[%clk 1:28:29]} c5 {[%clk 1:26:59]} 6. c3 {[%clk
1:28:41]} cxd4 {[%clk 1:22:55]} 7. cxd4 {[%clk 1:28:22]} e5 {[%clk 1:22:38]} 8.
O-O {[%clk 1:16:01]} Ngf6 {[%clk 1:20:15]} 9. Nc3 {[%clk 1:14:18]} O-O {[%clk
1:20:24]} 10. Be3 {[%clk 1:10:41]} Nh5 {[%clk 1:16:47]} 11. dxe5 {[%clk 1:06:09]}
Nxe5 {[%clk 1:09:15]} 12. Nxe5 {[%clk 1:05:26]} dxe5 {[%clk 1:09:35]} 13. Bc4
{[%clk 1:03:53]} Qh4 {[%clk 1:08:32]} 14. Qf3 {[%clk 1:02:11]} Be6 {[%clk
1:07:41]} 15. Nd5 {[%clk 1:01:30]} Kh8 {[%clk 1:07:11]} 16. Bc5 {[%clk 1:00:23]}
Rfe8 {[%clk 0:59:51]} 17. Rac1 {[%clk 0:50:42]} Rac8 {[%clk 0:59:34]} 18. Bb5
{[%clk 0:50:47]} f5 {[%clk 0:50:32]} 19. Bxe8 {[%clk 0:46:21]} Rxe8 {[%clk
0:38:20]} 20. Qd3 {[%clk 0:37:15]} fxe4 {[%clk 0:33:14]} 21. Qb5 {[%clk 0:37:38]}
Rg8 {[%clk 0:33:16]} 22. Be7 {[%clk 0:35:49]} g5 {[%clk 0:33:32]} 23. Rfe1 {[%clk
0:29:54]} a6 {[%clk 0:27:38]} 24. Qxb7 {[%clk 0:28:39]} Bxh3 {[%clk 0:22:56]} 25.
gxh3 {[%clk 0:28:09]} Qxh3 {[%clk 0:23:19]} 26. Rc3 {[%clk 0:18:15]} Qg4+ {[%clk
0:21:45]} 27. Kf1 {[%clk 0:18:08]} Nf4 {[%clk 0:21:02]} 28. Rg3 {[%clk 0:17:33]}
Qh5 {[%clk 0:18:45]} 29. Qd7 {[%clk 0:11:17]} Qh1+ {[%clk 0:13:17]} 30. Rg1
{[%clk 0:11:31]} Qf3 {[%clk 0:13:04]} 31. Nxf4 {[%clk 0:11:39]} exf4 {[%clk
0:13:17]} 32. Qg4 {[%clk 0:11:50]} Qd3+ {[%clk 0:12:56]} 33. Kg2 {[%clk 0:11:41]}
Be5 {[%clk 0:07:44]} 34. Rh1 {[%clk 0:08:17]} Re8 {[%clk 0:06:15]} 35. Qf5 {[%clk
0:07:53]} Qf3+ {[%clk 0:03:20]} 36. Kg1 {[%clk 0:08:12]} h5 {[%clk 0:03:34]} 37.
Qxe5+ {[%clk 0:08:20]} Kh7 {[%clk 0:03:23]} 38. Qf5+ {[%clk 0:07:51]} Kg7 {[%clk
0:03:31]} 39. Qxg5+ {[%clk 0:08:07]} Kf7 {[%clk 0:03:57]} 40. Qf6+ {[%clk
0:08:25]} 1-0

[Event "8th Vellmar Chess Days"]
[Site "chess24.com"]
[Date "2016.07.29"]
[Round "3"]
[White "Werner, Martin"]
[Black "Viebahn, Dirk"]
[Result "1/2-1/2"]
[Board "6"]
[WhiteElo "2023"]
[WhiteCountry "GER"]
[WhiteFideId "4607970"]
[WhiteEloChange "4"]
[BlackElo "2155"]
[BlackCountry "GER"]
[BlackFideId "4660790"]
[BlackEloChange "-4"]

1. d4 {[%clk 1:30:58]} Nf6 {[%clk 1:30:50]} 2. Bg5 {[%clk 1:31:22]} d5 {[%clk
1:31:08]} 3. Nc3 {[%clk 1:31:31]} Nbd7 {[%clk 1:31:01]} 4. f3 {[%clk 1:31:43]} e6
{[%clk 1:22:42]} 5. e4 {[%clk 1:30:58]} h6 {[%clk 1:16:32]} 6. Bf4 {[%clk
1:29:59]} c6 {[%clk 1:15:53]} 7. Bd3 {[%clk 1:28:30]} Be7 {[%clk 1:12:21]} 8.
Nge2 {[%clk 1:25:50]} g5 {[%clk 1:02:08]} 9. Be3 {[%clk 1:21:07]} b5 {[%clk
0:57:51]} 10. exd5 {[%clk 1:18:10]} exd5 {[%clk 0:54:36]} 11. Ng3 {[%clk
1:14:12]} Nb6 {[%clk 0:54:38]} 12. b3 {[%clk 1:11:48]} Be6 {[%clk 0:51:16]} 13.
Nf5 {[%clk 1:06:48]} Bxf5 {[%clk 0:43:36]} 14. Bxf5 {[%clk 1:06:35]} Nc8 {[%clk
0:43:01]} 15. O-O {[%clk 1:02:18]} 1/2-1/2

[Event "8th Vellmar Chess Days"]
[Site "chess24.com"]
[Date "2016.07.29"]
[Round "3"]
[White "Krueger, Stefan"]
[Black "George, Tom"]
[Result "0-1"]
[Board "7"]
[WhiteElo "1936"]
[WhiteCountry "GER"]
[WhiteFideId "12990418"]
[WhiteEloChange "-7"]
[BlackElo "2044"]
[BlackCountry "GER"]
[BlackFideId "24659487"]
[BlackEloChange "7"]

1. d4 {[%clk 1:30:56]} Nf6 {[%clk 1:30:51]} 2. c4 {[%clk 1:31:17]} e6 {[%clk
1:31:13]} 3. Nf3 {[%clk 1:31:25]} b6 {[%clk 1:29:37]} 4. g3 {[%clk 1:31:28]} Ba6
{[%clk 1:29:20]} 5. Qc2 {[%clk 1:31:48]} c6 {[%clk 1:29:06]} 6. Bg2 {[%clk
1:27:41]} d5 {[%clk 1:26:52]} 7. O-O {[%clk 1:18:22]} Bxc4 {[%clk 1:22:03]} 8.
Ne5 {[%clk 1:18:30]} Ba6 {[%clk 1:18:47]} 9. Na3 {[%clk 1:05:51]} Bb7 {[%clk
1:12:07]} 10. Bg5 {[%clk 1:04:21]} Be7 {[%clk 1:05:46]} 11. Rac1 {[%clk 1:01:44]}
O-O {[%clk 1:05:02]} 12. e3 {[%clk 0:58:39]} Nfd7 {[%clk 1:02:54]} 13. Bxe7
{[%clk 0:58:45]} Qxe7 {[%clk 1:03:16]} 14. Nd3 {[%clk 0:58:48]} Na6 {[%clk
1:00:32]} 15. Qa4 {[%clk 0:55:25]} Rfc8 {[%clk 0:55:27]} 16. b4 {[%clk 0:55:20]}
Nc7 {[%clk 0:54:27]} 17. Rc3 {[%clk 0:52:25]} a5 {[%clk 0:45:24]} 18. b5 {[%clk
0:52:00]} c5 {[%clk 0:45:30]} 19. dxc5 {[%clk 0:47:08]} bxc5 {[%clk 0:44:25]} 20.
Rfc1 {[%clk 0:40:19]} Ne8 {[%clk 0:44:32]} 21. Nf4 {[%clk 0:33:36]} Nd6 {[%clk
0:41:19]} 22. Qd1 {[%clk 0:31:04]} c4 {[%clk 0:37:09]} 23. Rb1 {[%clk 0:29:43]}
Nc5 {[%clk 0:36:28]} 24. f3 {[%clk 0:27:52]} Qd8 {[%clk 0:32:27]} 25. Nc2 {[%clk
0:25:20]} Qb6 {[%clk 0:27:13]} 26. Qd2 {[%clk 0:23:46]} Nxb5 {[%clk 0:21:23]} 27.
Nd4 {[%clk 0:22:25]} Bc6 {[%clk 0:20:18]} 0-1

[Event "8th Vellmar Chess Days"]
[Site "chess24.com"]
[Date "2016.07.29"]
[Round "3"]
[White "Langedijk, Ardjan"]
[Black "Braun, Ingram"]
[Result "0-1"]
[Board "8"]
[WhiteElo "2101"]
[WhiteCountry "NED"]
[WhiteFideId "1004212"]
[WhiteEloChange "-13"]
[BlackElo "1987"]
[BlackCountry "GER"]
[BlackFideId "24657816"]
[BlackEloChange "13"]

1. Nf3 {[%clk 1:30:52]} d5 {[%clk 1:30:52]} 2. g3 {[%clk 1:31:16]} Nf6 {[%clk
1:31:05]} 3. Bg2 {[%clk 1:31:41]} c5 {[%clk 1:30:07]} 4. O-O {[%clk 1:28:54]} Nc6
{[%clk 1:30:18]} 5. d4 {[%clk 1:28:02]} e6 {[%clk 1:29:20]} 6. b3 {[%clk
1:25:43]} Be7 {[%clk 1:27:24]} 7. Bb2 {[%clk 1:25:33]} O-O {[%clk 1:27:35]} 8. e3
{[%clk 1:25:06]} b6 {[%clk 1:24:19]} 9. Nbd2 {[%clk 1:23:27]} Ba6 {[%clk
1:23:35]} 10. c4 {[%clk 1:18:33]} Rc8 {[%clk 1:21:46]} 11. Ne5 {[%clk 1:15:50]}
cxd4 {[%clk 1:12:20]} 12. exd4 {[%clk 1:14:36]} Nxe5 {[%clk 1:10:14]} 13. dxe5
{[%clk 1:14:41]} Nd7 {[%clk 1:09:38]} 14. cxd5 {[%clk 1:07:45]} Bxf1 {[%clk
1:09:47]} 15. Nxf1 {[%clk 1:07:11]} exd5 {[%clk 1:09:54]} 16. Ne3 {[%clk
1:02:49]} Bc5 {[%clk 1:04:42]} 17. Nxd5 {[%clk 0:56:33]} Re8 {[%clk 1:02:43]} 18.
b4 {[%clk 0:52:35]} Bf8 {[%clk 1:01:40]} 19. f4 {[%clk 0:52:47]} b5 {[%clk
0:51:24]} 20. Bd4 {[%clk 0:40:44]} Nb6 {[%clk 0:47:46]} 21. Bxb6 {[%clk 0:40:41]}
axb6 {[%clk 0:48:14]} 22. Qg4 {[%clk 0:36:06]} Bxb4 {[%clk 0:34:59]} 23. Nf6+
{[%clk 0:26:49]} Kh8 {[%clk 0:34:05]} 24. Rd1 {[%clk 0:23:09]} Qe7 {[%clk
0:28:14]} 25. Nxe8 {[%clk 0:17:41]} Rxe8 {[%clk 0:26:17]} 26. Be4 {[%clk
0:17:00]} g6 {[%clk 0:24:19]} 27. Kg2 {[%clk 0:12:57]} f5 {[%clk 0:21:45]} 28.
Qh3 {[%clk 0:12:20]} Rd8 {[%clk 0:20:02]} 29. Bf3 {[%clk 0:10:09]} Rxd1 {[%clk
0:16:06]} 30. Bxd1 {[%clk 0:10:29]} Qd7 {[%clk 0:14:50]} 31. Bb3 {[%clk 0:03:27]}
Qd2+ {[%clk 0:09:29]} 32. Kh1 {[%clk 0:03:28]} Qe1+ {[%clk 0:09:26]} 33. Kg2
{[%clk 0:03:52]} Qe4+ {[%clk 0:09:16]} 34. Kg1 {[%clk 0:02:33]} Bc5+ {[%clk
0:08:21]} 35. Kf1 {[%clk 0:03:02]} Qf3+ {[%clk 0:08:33]} 36. Ke1 {[%clk 0:03:27]}
Bb4# {[%clk 0:08:53]} 0-1

[Event "8th Vellmar Chess Days"]
[Site "chess24.com"]
[Date "2016.07.29"]
[Round "3"]
[White "Halt, David"]
[Black "Freier, Werner, Dr."]
[Result "1-0"]
[Board "9"]
[WhiteElo "2096"]
[WhiteCountry "GER"]
[WhiteFideId "24614602"]
[WhiteEloChange "5"]
[BlackElo "1886"]
[BlackCountry "GER"]
[BlackFideId "12932558"]
[BlackEloChange "-5"]

1. e4 {[%clk 1:30:21]} e5 {[%clk 1:30:51]} 2. Nf3 {[%clk 1:30:33]} Nf6 {[%clk
1:31:00]} 3. Nxe5 {[%clk 1:30:16]} d6 {[%clk 1:31:24]} 4. Nf3 {[%clk 1:30:33]}
Nxe4 {[%clk 1:31:45]} 5. Nc3 {[%clk 1:30:44]} Nxc3 {[%clk 1:32:03]} 6. dxc3
{[%clk 1:31:01]} Be7 {[%clk 1:32:18]} 7. Be3 {[%clk 1:28:04]} Nd7 {[%clk
1:31:41]} 8. Qd2 {[%clk 1:24:37]} Ne5 {[%clk 1:23:17]} 9. Be2 {[%clk 1:22:02]}
Be6 {[%clk 1:18:46]} 10. b3 {[%clk 1:17:44]} O-O {[%clk 1:13:28]} 11. h3 {[%clk
1:17:39]} c6 {[%clk 1:11:18]} 12. Nd4 {[%clk 1:12:58]} c5 {[%clk 1:04:05]} 13.
Nxe6 {[%clk 1:12:20]} fxe6 {[%clk 1:04:30]} 14. O-O {[%clk 1:10:39]} Qc7 {[%clk
0:59:42]} 15. f4 {[%clk 1:08:48]} Ng6 {[%clk 0:54:08]} 16. Bg4 {[%clk 1:07:02]}
Rf6 {[%clk 0:54:14]} 17. Bxe6+ {[%clk 1:03:51]} Kh8 {[%clk 0:54:32]} 18. Bd5
{[%clk 0:59:43]} Nh4 {[%clk 0:50:20]} 19. Kh2 {[%clk 0:55:04]} Nf5 {[%clk
0:49:55]} 20. Bf2 {[%clk 0:54:47]} Rff8 {[%clk 0:41:06]} 21. g4 {[%clk 0:53:56]}
Nh4 {[%clk 0:41:29]} 22. Bg3 {[%clk 0:54:00]} Ng6 {[%clk 0:39:12]} 23. g5 {[%clk
0:51:45]} Rfd8 {[%clk 0:37:18]} 24. Rae1 {[%clk 0:51:17]} Bf8 {[%clk 0:34:42]}
25. c4 {[%clk 0:49:08]} Ne7 {[%clk 0:33:47]} 26. Be4 {[%clk 0:48:29]} g6 {[%clk
0:23:08]} 27. h4 {[%clk 0:44:35]} Qd7 {[%clk 0:21:59]} 28. h5 {[%clk 0:43:09]}
gxh5 {[%clk 0:16:09]} 29. f5 {[%clk 0:42:04]} d5 {[%clk 0:15:35]} 30. cxd5 {[%clk
0:39:45]} Nxd5 {[%clk 0:09:48]} 31. Rd1 {[%clk 0:35:40]} h4 {[%clk 0:06:47]} 32.
Be5+ {[%clk 0:35:14]} Bg7 {[%clk 0:06:13]} 33. Bxg7+ {[%clk 0:33:20]} 1-0

[Event "8th Vellmar Chess Days"]
[Site "chess24.com"]
[Date "2016.07.29"]
[Round "3"]
[White "Dannhaeuser, Kevin"]
[Black "Rafiee, Makan"]
[Result "0-1"]
[Board "10"]
[WhiteElo "2056"]
[WhiteCountry "GER"]
[WhiteFideId "12912760"]
[WhiteEloChange "-4"]
[BlackElo "2318"]
[BlackTitle "FM"]
[BlackCountry "GER"]
[BlackFideId "24609340"]
[BlackEloChange "4"]

1. Nf3 {[%clk 1:30:58]} Nf6 {[%clk 1:30:50]} 2. g3 {[%clk 1:31:23]} c5 {[%clk
1:31:13]} 3. Bg2 {[%clk 1:31:48]} Nc6 {[%clk 1:31:36]} 4. O-O {[%clk 1:32:02]} e5
{[%clk 1:30:54]} 5. d3 {[%clk 1:32:26]} d5 {[%clk 1:28:47]} 6. Bg5 {[%clk
1:31:21]} Be7 {[%clk 1:27:49]} 7. c4 {[%clk 1:30:11]} d4 {[%clk 1:26:48]} 8. Nbd2
{[%clk 1:27:38]} Nd7 {[%clk 1:26:07]} 9. Bxe7 {[%clk 1:27:50]} Qxe7 {[%clk
1:26:33]} 10. e4 {[%clk 1:24:05]} g5 {[%clk 1:13:58]} 11. a3 {[%clk 1:18:26]} a5
{[%clk 1:12:23]} 12. Ne1 {[%clk 1:17:28]} h5 {[%clk 1:08:48]} 13. Nc2 {[%clk
1:14:59]} Nf8 {[%clk 1:01:01]} 14. f3 {[%clk 1:04:44]} Ng6 {[%clk 1:00:41]} 15.
Rf2 {[%clk 1:00:34]} Be6 {[%clk 0:57:29]} 16. b4 {[%clk 0:59:15]} b6 {[%clk
0:54:32]} 17. bxc5 {[%clk 0:59:18]} bxc5 {[%clk 0:54:45]} 18. Rb1 {[%clk
0:59:39]} O-O {[%clk 0:50:04]} 19. Rb5 {[%clk 0:54:45]} a4 {[%clk 0:49:33]} 20.
Ne1 {[%clk 0:50:28]} Bd7 {[%clk 0:32:23]} 21. f4 {[%clk 0:43:55]} Bg4 {[%clk
0:30:24]} 22. Bf3 {[%clk 0:42:57]} Bxf3 {[%clk 0:22:57]} 23. Qxf3 {[%clk
0:43:18]} exf4 {[%clk 0:22:10]} 24. Qxh5 {[%clk 0:43:01]} Kg7 {[%clk 0:22:26]}
25. Ndf3 {[%clk 0:42:03]} f6 {[%clk 0:21:33]} 26. Qh3 {[%clk 0:37:47]} Rab8
{[%clk 0:17:22]} 27. Rfb2 {[%clk 0:31:24]} Rxb5 {[%clk 0:16:32]} 28. Rxb5 {[%clk
0:31:20]} fxg3 {[%clk 0:16:17]} 29. Qxg3 {[%clk 0:30:24]} Nce5 {[%clk 0:11:59]}
30. Nxe5 {[%clk 0:22:51]} fxe5 {[%clk 0:12:13]} 31. Rb2 {[%clk 0:21:15]} Qf6
{[%clk 0:12:19]} 32. Rf2 {[%clk 0:20:44]} Nf4 {[%clk 0:12:45]} 33. Kh1 {[%clk
0:19:25]} Nh5 {[%clk 0:10:10]} 34. Qf3 {[%clk 0:19:17]} Qxf3+ {[%clk 0:08:12]}
35. Rxf3 {[%clk 0:19:41]} Nf4 {[%clk 0:08:24]} 36. Kg1 {[%clk 0:13:56]} g4 {[%clk
0:08:19]} 37. Rf1 {[%clk 0:14:16]} Rb8 {[%clk 0:08:41]} 38. Kf2 {[%clk 0:14:26]}
Kg6 {[%clk 0:03:14]} 39. Kg3 {[%clk 0:13:11]} Kg5 {[%clk 0:03:39]} 40. h4+ {[%clk
0:13:18]} gxh3 {[%clk 0:04:03]} 41. Nf3+ {[%clk 0:13:35]} Kf6 {[%clk 0:04:26]}
42. Nxe5 {[%clk 0:05:26]} Kxe5 {[%clk 0:04:20]} 43. Rxf4 {[%clk 0:05:50]} Rg8+
{[%clk 0:04:36]} 44. Kf3 {[%clk 0:06:17]} Rh8 {[%clk 0:04:40]} 0-1